| 000 | 00458cam a22001217a 4500 | ||
|---|---|---|---|
| 008 | 180718b1963 xxu||||| |||| 00| 0 eng d | ||
| 082 | _aA81x54 In2/61/16/Pt 6/1 | ||
| 100 | _aCensus of India 1961 | ||
| 245 | _aWest Bengal village survey monographs district - Hooghly, police station Chinsurah, village-Kodalia | ||
| 260 |
_aDelhi _bThe Manager of Publications _c1963 |
||
| 300 | _a35+p. | ||
| 440 | _aCesnsus of India 1961. Volume XVI, West Bengal. Part VI.No.I | ||
| 999 |
_c484615 _d484615 |
||